| 000 -LEADER |
| fixed length control field |
00676cam a2200205 i 4500 |
| 001 - CONTROL NUMBER |
| control field |
2592 |
| 003 - CONTROL NUMBER IDENTIFIER |
| control field |
BD-DhUAP |
| 005 - DATE AND TIME OF LATEST TRANSACTION |
| control field |
20201230162023.0 |
| 008 - FIXED-LENGTH DATA ELEMENTS--GENERAL INFORMATION |
| fixed length control field |
201230s1977 bg b 100 0 eng |
| 040 ## - CATALOGING SOURCE |
| Original cataloging agency |
DLC |
| Transcribing agency |
DLC |
| Modifying agency |
BD-DhUAP |
| Language of cataloging |
eng |
| 082 00 - DEWEY DECIMAL CLASSIFICATION NUMBER |
| Classification number |
954.92 REF |
| Edition number |
23 |
| 245 10 - TITLE STATEMENT |
| Title |
Reflections on the Bengal renaissance / |
| Statement of responsibility, etc. |
edited by David Kopf and Safiuddin Joarder. |
| 260 ## - PUBLICATION, DISTRIBUTION, ETC. |
| Place of publication, distribution, etc. |
Rajshahi : |
| Name of publisher, distributor, etc. |
Institute of Bangladesh Studies, Rajshahi University, |
| Date of publication, distribution, etc. |
c1977. |
| 300 ## - PHYSICAL DESCRIPTION |
| Extent |
190 pages ; |
| Dimensions |
22 cm. |
| 504 ## - BIBLIOGRAPHY, ETC. NOTE |
| Bibliography, etc. note |
Includes bibliographical references. |
| 651 #0 - SUBJECT ADDED ENTRY--GEOGRAPHIC NAME |
| Geographic name |
Bengal (India) |
| General subdivision |
Intellectual life |
| -- |
Congresses. |
| 700 1# - ADDED ENTRY--PERSONAL NAME |
| Personal name |
Kopf, David. |
| 700 1# - ADDED ENTRY--PERSONAL NAME |
| Personal name |
Joarder, Safiuddin. |
| 942 ## - ADDED ENTRY ELEMENTS (KOHA) |
| Source of classification or shelving scheme |
|
| Koha item type |
Book |